Дискретные системы обработки информации: межвузовский сборник

Bibliografske podrobnosti
Korporativna značnica: Ижевский механический институт
Drugi avtorji: Калядин Н. И. (редактор)
Jezik:ruščina
Izdano: Ижевск, Изд-во ИМИ, 1990
Teme:
Format: Knjiga
KOHA link:https://koha.lib.tpu.ru/cgi-bin/koha/opac-detail.pl?biblionumber=165455

MARC

LEADER 00000nam0a2200000 4500
001 165455
005 20231101222544.0
020 |a RU  |b 83-61131ж 
035 |a (RuTPU)RU\TPU\book\179482 
090 |a 165455 
100 |a 20090918d1990 k a0rusy5003 ca 
101 0 |a rus 
102 |a RU 
105 |a a z 001zy 
200 1 |a Дискретные системы обработки информации  |e межвузовский сборник  |f Ижевский механический институт ; под ред. Н. И. Калядина 
210 |a Ижевск  |c Изд-во ИМИ  |d 1990 
215 |d 21 см  |e (ил.)  |a 102 с. 
305 |a Изд. выходит с 1978 г. 
320 |a Библиогр. в конце ст. 
610 1 |a вычислительные системы 
610 1 |a цифровые системы 
610 1 |a информация 
610 1 |a обработка 
675 |a 681.3.01  |z rus  |v 3 
702 1 |a Калядин  |b Н. И.  |4 340 
712 0 2 |a Ижевский механический институт  |2 stltpush  |3 (RuTPU)RU\TPU\col\12489  |9 25432 
801 0 |a RU  |b RuMRKP  |c 19950704  |g psbo 
801 1 |a RU  |b 63413507  |c 20090918 
801 2 |a RU  |b 63413507  |c 20121101  |g RCR 
942 |c BK